00283nam a2200121Ia 45000030006000000080041000060400015000471000025000622450036000872600009001235460012001320050017001440STCL150530s9999 xx 000 0 und d aSTCLcSTCL aAlbert Canning, S.G. aMacaulay essayist and historian c1925 aEnglish20220125170902.0